| 000 | 00859nam0a22002891 4500 | ||
|---|---|---|---|
| 001 | v19\rc\2034353 | ||
| 005 | 20251118181542.2 | ||
| 035 | _a(NLR Aleph) 005112929 | ||
| 090 |
_a7512700 _c7512700 |
||
| 100 | _a20080925d1917 u y0rusy50 ca | ||
| 101 | 1 |
_arus _cger |
|
| 102 | _aRU | ||
| 105 | _ay z ||||| | ||
| 200 | 1 |
_aКак священник стал социал-демократом _fП. Гере |
|
| 210 |
_aПетроград _cКнига _d[1917] |
||
| 215 |
_a30 с. _d19 |
||
| 532 | 1 | 3 | _aКак священник стал социал-демократом |
| 700 | 1 |
_aГере _bП. _f1864-1928 _gПауль |
|
| 801 | 0 |
_aRU _bNLR _gpsbo |
|
| 801 | 0 |
_aRU _bRuMoRGB _2psbo |
|
| 801 | 1 |
_aRU _bProSoft-M _2rusmarc |
|
| 852 |
_aNLR _j37.60.8.100 |
||
| 899 |
_aRuMoRGB _jV 107/222 |
||
| 899 | _aБАН | ||
| 942 | _cBOOK | ||
| 980 | _aNB | ||